MARC details
| 000 -CABECERA |
| campo de control de longitud fija |
00874cam a2200241 a 4500 |
| 001 - NÚMERO DE CONTROL |
| campo de control |
000019751 |
| 005 - FECHA Y HORA DE LA ÚLTIMA TRANSACCIÓN |
| campo de control |
20200929170127.0 |
| 008 - DATOS DE LONGITUD FIJA--INFORMACIÓN GENERAL |
| campo de control de longitud fija |
030625s1952 sp b 000 0 spa d |
| 040 ## - FUENTE DE LA CATALOGACIÓN |
| Centro catalogador/agencia de origen |
DO-SdBNP |
| Lengua de catalogación |
spa |
| Centro/agencia transcriptor |
DLC |
| Centro/agencia modificador |
BNPHU |
| 082 ## - NÚMERO DE LA CLASIFICACIÓN DECIMAL DEWEY |
| Número de clasificación |
867.4 |
| Número de documento/Ítem |
F727e |
| 049 ## - FONDOS LOCALES (OCLC) |
| Fondos de biblioteca |
BNGR |
| 100 1# - ENTRADA PRINCIPAL--NOMBRE DE PERSONA |
| Nombre de persona |
Forner, Juan Pablo, |
| Fechas asociadas al nombre |
1756-1797. |
| 9 (RLIN) |
13680 |
| 245 10 - MENCIÓN DE TÍTULO |
| Título |
Exequias de la lengua castellana / |
| Mención de responsabilidad, etc. |
Juan Pablo Forner. |
| 260 ## - PUBLICACIÓN, DISTRIBUCIÓN, ETC. |
| Lugar de publicación, distribución, etc. |
Buenos Aires, (Argentina) : |
| Nombre del editor, distribuidor, etc. |
Editorial Espasa-Calpe Argentina, |
| Fecha de publicación, distribución, etc. |
1952. |
| 300 ## - DESCRIPCIÓN FÍSICA |
| Extensión |
162, [12] p. ; |
| Dimensiones |
18 cm. |
| 490 1# - MENCIÓN DE SERIE |
| Mención de serie |
Austral. Gris: clásicos |
| Designación de volumen o secuencia |
1122 |
| 500 ## - NOTA GENERAL |
| Nota general |
Incluye índice de autores. |
| 600 14 - PUNTO DE ACCESO ADICIONAL DE MATERIA--NOMBRE DE PERSONA |
| Nombre de persona |
FORNER, JUAN PABLO, |
| Fechas asociadas al nombre |
1756-1797. |
| Título de la obra |
EXEQUIAS DE LA LENGUA CASTELLANA |
| 9 (RLIN) |
42211 |
| 650 #4 - PUNTO DE ACCESO ADICIONAL DE MATERIA--TÉRMINO DE MATERIA |
| Término de materia o nombre geográfico como elemento de entrada |
Sátira española |
| 9 (RLIN) |
4899 |
| 650 #4 - PUNTO DE ACCESO ADICIONAL DE MATERIA--TÉRMINO DE MATERIA |
| Término de materia o nombre geográfico como elemento de entrada |
Literatura española |
| Subdivisión cronológica |
SIGLO XX |
| 9 (RLIN) |
3326 |
| 830 #0 - PUNTO DE ACCESO ADICIONAL DE SERIE-TÍTULO UNIFORME |
| Título uniforme |
Austral. |
| Nombre de parte o sección de la obra |
Gris: clásicos; |
| Designación de volumen o secuencia |
1122 |
| 9 (RLIN) |
8199 |
| 910 ## - DATOS DE OPCIÓN DEL USUARIO (OCLC) |
| Datos de opción del usuario |
Catalogación derivada / LC |